| 000 | 00464nam a2200181Ia 4500 | ||
|---|---|---|---|
| 008 | 230524s9999 xx 000 0 und d | ||
| 020 | _a9788177582363 | ||
| 082 |
_a621.4021 _bEAS |
||
| 100 | _aT.D.Eastop | ||
| 245 | 0 | _aApplied Thermodynamics For Engineering Technologists | |
| 250 | _a2ND | ||
| 260 |
_aNEW DELHI _b Pearson _c2008 |
||
| 300 | _aXVI;793 | ||
| 500 | _aQuantity Number: 5 | ||
| 650 | _aThermodynamics | ||
| 700 | _a A.McConkey | ||
| 942 | _cBK | ||
| 999 |
_c40085 _d40085 |
||